000 00475nam a2200133 a 4500
008 120416s1965 ||||||||||||||||| || u
050 _aHA 40.I5 Yan
100 _aYanovsky, Moshe
245 1 0 _aAnatomy of social accounting systems
260 _aLondon
_bChapman and Hall
_c1965
300 _ax, 237p.
350 _a0.00
995 _D0.00
_FCBU-MAIN LIBRARY (Kitwe)
_H1
_I0.00
_UAVAILABLE
_ZMain Library Open Access Collection
999 _c34396
_d34396